mga bayani ng ating lahi (Record no. 9418)

MARC details
000 -LEADER
fixed length control field 00569nam a22001697a 4500
003 - CONTROL NUMBER IDENTIFIER
control field OSt
005 - DATE AND TIME OF LATEST TRANSACTION
control field 20260414093656.0
008 - FIXED-LENGTH DATA ELEMENTS--GENERAL INFORMATION
fixed length control field 260414b |||||||| |||| 00| 0 eng d
040 ## - CATALOGING SOURCE
Original cataloging agency DWCL GS lib
Transcribing agency OC
082 ## - DEWEY DECIMAL CLASSIFICATION NUMBER
Classification number Res. (Fil.) 920 M354b 2002
100 ## - MAIN ENTRY--PERSONAL NAME
Personal name Rosario, Benedicta Ma.
245 ## - TITLE STATEMENT
Title mga bayani ng ating lahi
Statement of responsibility, etc. Benedicta Ma. Rosario
260 ## - PUBLICATION, DISTRIBUTION, ETC.
Place of publication, distribution, etc. Philippines
Name of publisher, distributor, etc. ISA- JECHO PUBLISHING, INC.
Date of publication, distribution, etc. c2007
300 ## - PHYSICAL DESCRIPTION
Extent 183
Dimensions 20cm
700 ## - ADDED ENTRY--PERSONAL NAME
Personal name Benedicta Ma. Rosario
942 ## - ADDED ENTRY ELEMENTS (KOHA)
Source of classification or shelving scheme Dewey Decimal Classification
Koha item type Fiction
Classification part Res. (Fil.) 920 M354b 2002
Suppress in OPAC No

No items available.